| 000 | 00961nam a2200301Ia 4500 | ||
|---|---|---|---|
| 003 | GCL | ||
| 008 | 140319s9999 xx 000 0 ara d | ||
| 040 |
_aGCL / _cGCL |
||
| 082 | 0 | 4 |
_a796.030 _bج م |
| 100 | 1 | _aجورج مدبك | |
| 245 | 1 | 0 |
_aموسوعة عالم الرياضة / _cجورج مدبك |
| 260 |
_a[S.N] : _bدار الراتب الجامعية ، _c1992 |
||
| 490 |
_aسلسلة عالم الرياضة _v0 |
||
| 650 | 0 | 4 | _aالالعاب |
| 650 | 0 | 4 | _aالرياضة البدنية |
| 650 | 0 | 4 | _aتدريب |
| 650 | 0 | 4 | _aكرة القدم |
| 650 | 0 | 4 | _aالتمرينات الرياضية |
| 650 | 0 | 4 | _aالكرة الطائرة |
| 650 | 0 | 4 | _aالتدريب الرياضى |
| 650 | 0 | 4 | _aرفع الاثقال |
| 650 | 0 | 4 | _aالجمباز |
| 650 | 0 | 4 | _aكرة الماء |
| 650 | 0 | 4 | _aالرياضة الشتوية |
| 650 | 0 | 4 | _aالانزلاق على الجليد |
| 650 | 0 | 4 | _aتنس الطاولة |
| 942 |
_2ddc _cBK |
||
| 999 |
_c27609 _d27609 |
||